Wszyscy zwycięscy ligi Europy 1995-2024 - Statystyki

Ogólne statystyki
  • Ten quiz został rozwiązany 46 razy
  • Średni wynik to 18 z 30
Statystyki odpowiedzi
Podpowiedź Odpowiedź % Poprawnych
2005/06 Sevilla
88%
2006/07 Sevilla
88%
2013/14 Sevilla
88%
2014/15 Sevilla
88%
2015/16 Sevilla
88%
2019/20 Sevilla
88%
2022/23 Sevilla
88%
2023/24 Atalanta
78%
2016/17 Manchester United
78%
2009/10 Atletico Madryt
76%
2011/12 Atletico Madryt
76%
2017/18 Atletico Madryt
76%
2012/13 Chelsea
73%
2018/19 Chelsea
73%
2002/03 Fc Porto
68%
2010/11 Fc Porto
68%
2000/01 Liverpool
59%
2020/21 Villarreal
59%
2021/22 Eintracht Frankfurt
54%
1997/98 Inter Mediolan
41%
2008/09 Szachtar Donieck
41%
2003/04 Valencia
37%
1996/97 Fc Schalke
34%
1995/96 Bayern Monachium
32%
1999/00 Galatasaray
32%
2007/08 Zenit Petersburg
32%
1994/95 Parma
29%
1998/99 Parma
29%
2004/05 CSKA Moskwa
24%
2001/02 Feyenoord Rotterdam
17%
Nie znaleziono quizów pasujących do podanych kryteriów
Rozkład punktacji
Procent ludzi z każdym wynikiem
Percentyl według liczby udzielonych odpowiedzi
Twoja historia wyników
Nie rozwiązałeś tego quizu